| 000 | 00675nam a22002297a 4500 | ||
|---|---|---|---|
| 999 |
_c31219 _d31217 |
||
| 003 | OSt | ||
| 005 | 20181121110712.0 | ||
| 008 | 181121b ||||| |||| 00| 0 eng d | ||
| 020 | _aBF121 .M42 1983 | ||
| 040 |
_aMMU _cMMU _dMMU _beng |
||
| 050 | 0 | 0 |
_aBF121 _b.M42 1983 |
| 082 | 0 | 0 |
_a150 _219 |
| 100 | 1 | _aMcConnell, James V. | |
| 245 | 1 | 0 |
_aStudent manual to accompany understanding human behavior / _cJames V. McConnell. |
| 250 | _a4th ed. | ||
| 260 |
_aNew York : _bHolt, Rinehart and Winston, _cc1983. |
||
| 300 |
_a269 .: _c26 cm. |
||
| 504 | _aIncludes bibliographies and index. | ||
| 650 | 0 |
_aPsychology. _9439 |
|
| 650 | 0 | _aHuman behavior. | |
| 942 |
_2lcc _cLOAN LOAN |
||